000 00474cam a22001814a 4500
005 20250605164245.0
008 250528s ||||||||||||||||||||||||d
035 _a21448
040 _aGR-AtMCL
_bgre
_dGR-AtMCL
_eAACR2
245 1 _aΕΟΚ ΚΑΙ ΕΛΛΗΝΙΚΕΣ ΕΠΙΧΕΙΡΗΣΕΙΣ
250 _a1
260 _bΓερμανος,
_c1990
300 _a319
700 1 _aΛαζος Αχ. Βαιος
_97484
942 _cBK
999 _c6510
_d6510